Guess the country 11 - Statistics

General Stats
  • This quiz has been taken 32 times
  • The average score is 10 of 16
Answer Stats
Picture Answer % Correct
Cyprus
96%
Russia
96%
Thailand
93%
Brazil
86%
Jamaica
82%
Japan
79%
Bangladesh
75%
Cuba
71%
Bangladesh
64%
Laos
61%
Ecuador
54%
Thailand
43%
Bolivia
25%
Belize
21%
Barbados
14%
Vanuatu
14%
No matching quizzes found
Score Distribution
Percent of People with Each Score
Percentile by Number Answered
Your Score History
You have not taken this quiz